000 00744cam a2200193 4500
001 WS102907
008 030702n 000 0 eng u
035 _a(Sirsi) u122907
245 _aCoalition of Environmentally Responsible Economies
520 _aWeb site for this US coalition of 'environment, investor and advocacy groups working together for a sustainable future'. Includes details of reports to their annual conference.
650 _aSUSTAINABLE DEVELOPMENT
650 _aSustainability
_96271
650 _aUNITED STATES
650 _aINTERNATIONAL
650 _aORGANISATION
690 _aENVIRONMENTAL AND LAND CONSULTANCY
856 4 0 _uhttps://www.ceres.org
_zView the websitefree of charge at www.ceres.org...
942 _n0
999 _c120310
_d120310